000 00287nam a2200121Ia 4500
008 190216s9999||||xx |||||||||||||| ||und||
100 _aNull
245 0 _aHindi-Hindi Kavya Shashthrmem Guna Vivechan
260 _bPragathi Prakashan
300 _a313
650 _aHindi
942 _cBK
999 _c15646
_d15646